LENGYELORSZÁG MEGHATÁROZÓ BEFOLYÁSA KELET-KÖZÉP-EURÓPÁN BELÜL DOMINANT INFLUENCEOF POLANDIN EAST-CENTRAL EUROPE
| Szerző: | |
|---|---|
| Dokumentumtípus: | Cikk |
| Megjelent: |
Budapesti Gazdasági Egyetem
2022-12-31
|
| Sorozat: | Multidiszciplináris Kihívások, Sokszínű Válaszok
2022 No. 2 |
| Tárgyszavak: | |
| mtmt: | https://doi.org/10.33565/MKSV.2022.02.03 |
| Kulcsszavak: | Külpolitika Nemzetközi kapcsolatok Energiapolitika |
| Online Access: | http://publikaciotar.uni-bge.hu/2536 |
MARC
| LEADER | 00000nab a2200000 i 4500 | ||
|---|---|---|---|
| 001 | publ2536 | ||
| 005 | 20260306112918.0 | ||
| 008 | 260306s2022 hu o 000 zxx d | ||
| 022 | |a 2630-886X | ||
| 024 | |a https://doi.org/10.33565/MKSV.2022.02.03 |2 doi | ||
| 040 | |a BGE Publikációtár Repozitórium |b hun | ||
| 100 | 1 | |a Szintia Tamás | |
| 245 | 1 | 0 | |a LENGYELORSZÁG MEGHATÁROZÓ BEFOLYÁSA KELET-KÖZÉP-EURÓPÁN BELÜL |b DOMINANT INFLUENCEOF POLANDIN EAST-CENTRAL EUROPE |c Szintia Tamás |h [elektronikus dokumentum] |
| 260 | |a Budapesti Gazdasági Egyetem |c 2022-12-31 | ||
| 300 | |a 59-85 | ||
| 490 | 0 | |a Multidiszciplináris Kihívások, Sokszínű Válaszok |v 2022 No. 2 | |
| 520 | 3 | |a Kelet-Közép-Európában Lengyelország igen fontos szerepet tölt be a gazdaságban. A tanulmány középpontjában Lengyelország meghatározó befolyásának vizsgálata áll a kelet-közép-európai térségen belül. Több mint egy évszázada meghatározza a lengyel külpolitika irányát az ország földrajzi helyzete, valamint a nagyhatalmak közé való ékeltsége. A tanulmány célja a lengyel külpolitikai irányultság elemzése és bemutatása. A tanulmány hat részre oszlik. Az első részben bemutatom a kutatás elméleti keretrendszerét, a második részben pedig a tanulmány módszertanát. A kutatásom harmadik részében Lengyelország jelenlegi helyzetének történelmi előzményeit mutatom be. Ezt követően Lengyelország szerepét ismertetem az 1990-es években, illetve a lengyel-orosz kapcsolatokat, amelyen belül részletesen bemutatom az orosz-ukrán konfliktust is. Végül a lengyel energetikapolitikát vizsgálom meg, majd pedig a tanulmány végén a Lengyelország meghatározó befolyásáról megfogalmazott következtetések zárnak. A tanulmány kutatási módszere a társadalomtudományokban leggyakrabban alkalmazott kutatási design mentén épül föl: korábbi elméleti eredményekre építő elméleti keret felvázolása, a főbb elméleti és empirikus irodalmak összegzése, amelyet a hipotézisek meghatározása követ, majd a kutatási kérdések operacionalizálása, illetve a vizsgálati dimenziók kialakítása, legvégül pedig a konklúziók levonása. Lengyelország szerepe egyre nem csak a kelet-közép-európai régión belül jelentősebb, hanem globálisan is. Egyrészről elsődleges segítséget nyújthat a jelenlegi orosz agresszió ellen Ukrajnából menekülő személyek számára, valamint támogathatja az Európai Unió által nyújtott humanitárius segélynyújtások sikerességét. Másrészről pedig a Norvégiával ápolt kiváló kapcsolata által jó üzleti partner és közvetítő lehet a kelet-közép-európai országok számára az energetikapolitika kérdéseiben. | |
| 650 | 4 | |a közgazdaságtudományok | |
| 695 | |a Külpolitika | ||
| 695 | |a Nemzetközi kapcsolatok | ||
| 695 | |a Energiapolitika | ||
| 856 | 4 | 0 | |u https://publikaciotar.uni-bge.hu/id/eprint/2536/1/9447-Cikk%20sz%C3%B6veg-44123-2-10-20230121.pdf |z Dokumentum-elérés |